| 000 | 00986nam a2200217Ia 4500 | ||
|---|---|---|---|
| 003 | OSt | ||
| 005 | 20241028142519.0 | ||
| 007 | ca aa aaaaa | ||
| 008 | 201103s9999 xx 000 0 und d | ||
| 040 | _cSSBUL | ||
| 041 | _abur | ||
| 082 |
_223 _a၂၉၄.၃၄၄၃၃ ကျီး _b၁၃၀၉၉ S-SAT |
||
| 100 | 0 |
_aကျီးသဲလေးထပ်ဆရာတော်ဘုရားကြီး။ _917621 |
|
| 100 | _917621 | ||
| 245 | 1 | 0 |
_aပကိဏ္ဏကနမက္ကာရအစီန္တေယျကြီးဘုရားရှိခိုး / _cကျီးသဲလေးထပ်ဆရာတော်ဘုရားကြီး။ |
| 260 |
_a[နေရာမပါ] ၊ _b[ထုတ်ဝေသူမပါ]၊ _c[ခုနှစ်မပါ]။ |
||
| 300 |
_a၅၂ စာမျက်နှာ ၊ _c၁၉ စင်တီ ။ |
||
| 500 | _aS-SAT: Dr. Sai Aung Tun | ||
| 650 |
_aဘုရားရှိခိုး _954793 |
||
| 942 |
_cBK1 _2ddc |
||
| 999 |
_c40987 _d40987 |
||